都市の繁華街・歓楽街 - Statistics

General Stats
  • This quiz has been taken 655 times
  • The average score is 16 of 23
Answer Stats
Hint Answer % Correct
三宮、新開地 神戸市
97%
天神、中洲、博多 福岡市
96%
すすきの、大通 札幌市
95%
桜木町、みなとみらい 横浜市
95%
梅田、難波、道頓堀 大阪市
95%
栄、大須 名古屋市
94%
橋本、相模大野 相模原市
93%
四条河原町、新京極 京都市
93%
歌舞伎町、渋谷センター街 東京(東京23区)
92%
国際通り 那覇市
85%
瓦町、丸亀町 高松市
84%
香林坊、片町 金沢市
67%
はりまや橋、帯屋町 高知市
66%
新都心、桜木町、高砂 さいたま市
65%
天文館、いづろ 鹿児島市
65%
紙屋町、本通 広島市
65%
古町、万代シテイ 新潟市
64%
一番町、国分町 仙台市
55%
浜町、思案橋 長崎市
40%
桜木町、総曲輪 富山市
23%
橘通り 宮崎市
19%
大通、菜園 盛岡市
18%
七日町(なのかまち) 山形市
17%
No matching quizzes found
Score Distribution
Percent of People with Each Score
Percentile by Number Answered
Your Score History
You have not taken this quiz